000 00594nam a2200217Ia 4500
003 OSt
005 20220918192647.0
006 a|||||r|||| 00| 0
007 ta
008 220917b |||||||| |||| 00| 0 eng d
024 _a69,470
037 _cTextual
040 _aARTS
_cARTS
_beng
041 _2eng
_aeng
082 _aQ4:367, M1-;1 (Q4)
245 0 _aBasic facts of Existance
_b impermanence Anicca collected essays
260 _aKandy
_bBuddhist Pub Society
_c1981
650 _aRELIGION
942 _hQ4:367, M1-;1 (Q4)
_cTEXL
_2CC
999 _c195616
_d195616